[Event "Madrid-ch Previa-B"]
[Site "Madrid"]
[Date "2009.11.05"]
[Round "1"]
[White "Vicario Ramirez, Celestino"]
[Black "Leniz Martinez, Francisco"]
[Result "1-0"]
[WhiteElo "1612"]
[BlackElo "1870"]
[PlyCount "69"]
[EventDate "2009.11.05"]
[EventType "swiss"]
[EventRounds "9"]
[EventCountry "ESP"]
[SourceTitle "CBM 133 Extra"]
[Source "ChessBase"]
[SourceDate "2010.01.05"]
[SourceVersion "1"]
[SourceVersionDate "2010.01.05"]
[SourceQuality "1"]

1. e4 c5 2. Nf3 g6 3. d4 cxd4 4. Nxd4 Bg7 5. Be3 Nf6 6. Nc3 Qa5 7. Qd2 0-0 8. 0-0-0 Nc6 9. Nb3 Qd8 10. Bh6 d6 11. Bxg7 Kxg7 12. f3 Be6 13. g4 Rh8 14. Kb1 Qb6 15. Nd5 Bxd5 16. exd5 Ne5 17. Be2 Rac8 18. h4 Nc4 19. Bxc4 Rxc4 20. h5 Rcc8 21. Rhe1 Qc7 22. h6+ Kf8 23. c3 Qd8 24. g5 Nd7 25. f4 Rg8 26. Re3 Qb6 27. Rde1 Re8 28. Qe2 Qd8 29. Na5 Qxa5 30. Rxe7 Ne5 31. Rxe8+ Kxe8 32. fxe5 Qxd5 33. exd6+ Kd7 34. Qe7+ Kc8 35. Qc7# 1-0

[Event "Madrid-ch Seniors 0809"]
[Site "Madrid"]
[Date "2009.02.18"]
[Round "8"]
[White "Vicario Ramirez, Celestino"]
[Black "Alfageme Sanchez, Jesus"]
[Result "1-0"]
[WhiteElo "1607"]
[BlackElo "1876"]
[PlyCount "77"]
[EventDate "2009.02.09"]
[EventType "swiss"]
[EventRounds "9"]
[EventCountry "ESP"]
[SourceTitle "CBM 128 Extra"]
[Source "ChessBase"]
[SourceDate "2009.03.05"]
[SourceVersion "2"]
[SourceVersionDate "2009.03.25"]
[SourceQuality "1"]

1. e4 Nc6 2. Nf3 e5 3. Bb5 g6 4. 0-0 Bg7 5. Re1 Nge7 6. c3 0-0 7. d4 a6 8. Ba4 d6 9. h3 exd4 10. cxd4 Bd7 11. Nc3 Kh8 12. Be3 f5 13. Bc2 fxe4 14. Bxe4 Qc8 15. Nh2 Nf5 16. Bxf5 Bxf5 17. Qd2 Rf7 18. Rac1 Qf8 19. b3 Re8 20. Bg5 Rxe1+ 21. Rxe1 Nxd4 22. Nd5 Ne6 23. Nf3 c6 24. g4 Bxg4 25. hxg4 Rxf3 26. Rxe6 cxd5 27. Qe2 Qg8 28. Be7 Rf7 29. Bxd6 h6 30. Re8 Bf8 31. Qe5+ Kh7 32. Qxd5 Qg7 33. Bxf8 Qf6 34. Bc5 Qf4 35. Re4 Qc7 36. Bd4 h5 37. Re8 Kh6 38. g5+ Kh7 39. Rh8# 1-0

[Event "Madrid-ch Previa-B"]
[Site "Madrid"]
[Date "2008.11.29"]
[Round "9"]
[White "De los Rios Camacho, Juan Antoni"]
[Black "Vicario Ramirez, Celestino"]
[Result "1-0"]
[WhiteElo "1792"]
[BlackElo "1711"]
[PlyCount "75"]
[EventDate "2008.11.06"]
[EventType "swiss"]
[EventRounds "9"]
[EventCountry "ESP"]
[SourceTitle "CBM 127 Extra"]
[Source "ChessBase"]
[SourceDate "2009.01.08"]
[SourceVersion "2"]
[SourceVersionDate "2009.01.28"]
[SourceQuality "1"]

1. e4 g6 2. d4 Bg7 3. Be3 d6 4. Bc4 c6 5. Nf3 d5 6. exd5 cxd5 7. Bb5+ Nc6 8. Ne5 Bd7 9. Nxd7 Qxd7 10. Qd2 a6 11. Be2 Nf6 12. Nc3 0-0 13. Bh6 Bxh6 14. Qxh6 Nxd4 15. Bd3 Rac8 16. f3 Qe6+ 17. Kd2 Nf5 18. Qg5 h6 19. Bxf5 Qxf5 20. Qxf5 gxf5 21. g4 f4 22. Rae1 e6 23. g5 hxg5 24. Rhg1 Nh7 25. h4 Rc6 26. hxg5 Kg7 27. Rg4 Kg6 28. Re5 f5 29. gxf6+ Kxf6 30. Rh5 Rf7 31. Rxf4+ Kg6 32. Rxf7 Kxf7 33. Rxh7+ Kf6 34. Rxb7 Kf5 35. Ne2 e5 36. f4 d4 37. fxe5 Kxe5 38. Rd7 1-0

[Event "Madrid-ch Seniors"]
[Site "Madrid"]
[Date "2008.02.08"]
[Round "3"]
[White "Vicario Ramirez, Celestino"]
[Black "Arias de Reina Martinez, Francisco"]
[Result "1/2-1/2"]
[WhiteElo "1711"]
[BlackElo "1622"]
[PlyCount "72"]
[EventDate "2008.02.05"]
[EventType "swiss"]
[EventRounds "7"]
[EventCountry "ESP"]
[SourceTitle "EXT 2010"]
[Source "ChessBase"]
[SourceDate "2010.11.25"]
[SourceVersion "1"]
[SourceVersionDate "2010.11.25"]
[SourceQuality "1"]

1. e4 c5 2. Nf3 d6 3. d4 cxd4 4. Nxd4 Nf6 5. Nc3 g6 6. f3 Bg7 7. Be3 0-0 8. Qd2 Nc6 9. 0-0-0 Bd7 10. Bh6 Rc8 11. Bxg7 Kxg7 12. g4 Ne5 13. Be2 Nc4 14. Bxc4 Rxc4 15. h4 h5 16. gxh5 Nxh5 17. Rhg1 Rg8 18. Qg5 Kh7 19. Nde2 Rc5 20. Qe3 Qc7 21. Qd2 Rc8 22. Rg5 Be6 23. Kb1 Rxg5 24. hxg5 Qa5 25. b3 Qe5 26. Rh1 Kg7 27. f4 Nxf4 28. Nxf4 Qxc3 29. Nxe6+ fxe6 30. Qh2 Kf7 31. Rf1+ Kg8 32. Qf2 Kh8 33. Rh1+ Kg8 34. Rh6 Kg7 35. Qh2 Qe1+ 36. Kb2 Qc3+ 1/2-1/2

[Event "Madrid-ch Seniors"]
[Site "Madrid"]
[Date "2008.02.06"]
[Round "2"]
[White "Redondo Garcia, Jose Luis"]
[Black "Vicario Ramirez, Celestino"]
[Result "1-0"]
[WhiteElo "1867"]
[BlackElo "1711"]
[PlyCount "73"]
[EventDate "2008.02.05"]
[EventType "swiss"]
[EventRounds "7"]
[EventCountry "ESP"]
[SourceTitle "EXT 2010"]
[Source "ChessBase"]
[SourceDate "2010.11.25"]
[SourceVersion "1"]
[SourceVersionDate "2010.11.25"]
[SourceQuality "1"]

1. c4 Nf6 2. g3 g6 3. Bg2 Bg7 4. e3 d6 5. d4 c5 6. Ne2 Qc7 7. d5 0-0 8. 0-0 Nbd7 9. Nbc3 a6 10. Rb1 Rb8 11. Qc2 Ne5 12. b3 Bd7 13. f4 Neg4 14. h3 Nh6 15. g4 Nhxg4 16. hxg4 Nxg4 17. Bh3 f5 18. Nd1 b5 19. Bb2 Nf6 20. Bxf6 Bxf6 21. Nf2 b4 22. e4 e6 23. Kh1 Rbe8 24. Ng3 Bg7 25. Rbe1 Qd8 26. Nd3 Qh4 27. Qg2 e5 28. fxe5 Bxe5 29. Nxe5 Rxe5 30. exf5 Bxf5 31. Rxe5 Bxh3 32. Rxf8+ Kxf8 33. Qf2+ Bf5+ 34. Kg1 dxe5 35. Qxc5+ Qe7 36. d6 Qb7 37. d7+ 1-0